Traduções para João - Statistics

Estatísticas Gerais
  • Esse quiz foi jogado 6 646 vezes
  • A pontuação média é 3 de 11
Estatísticas das Respostas
Língua Tradução % Correto
Inglês John
97%
Espanhol Juan
80%
Francês Jean
33%
Alemão (1) Johann
31%
Italiano Giovanni ou Gianni
23%
Holandês Jan
17%
Russo Ivan
13%
Escocês Ian
8%
Alemão (2) Hans
7%
Galês Evan
5%
Irlandês Seán
5%
Nenhum quiz correspondente encontrado
Distribuição das Pontuações
Porcentagem de Pessoas com Cada Pontuação
Percentil de Números Respondidos
Sua Pontuação Histórica
Você não jogou esse quiz